Camino de Dios con Israel: manual básico de trabajo con el Antiguo Testamento
Salvato in:
| Autore principale: | |
|---|---|
| Natura: | Libro |
| Lingua: | spagnolo |
| Pubblicazione: |
Pamplona
Verbo Divino
1966
|
| Serie: | Colección Annuntia, 8
|
| Soggetti: | |
| Tags: |
Aggiungi Tag
Nessun Tag, puoi essere il primo ad aggiungerne!!
|
MARC
| LEADER | 00000nam a2200000 a 4500 | ||
|---|---|---|---|
| 001 | UCL2146 | ||
| 003 | CL-VaPUC | ||
| 008 | 031010e19660000SP |||||||||||||||||spa|d | ||
| 082 | 0 | 4 | |a 221.6 |b NEU |2 21 |
| 100 | |a Neumann, Juan Joaquín |e autor |9 479157 | ||
| 245 | 1 | 0 | |a Camino de Dios con Israel: manual básico de trabajo con el Antiguo Testamento |
| 300 | |a 190 p | ||
| 942 | |c BK | ||
| 945 | |d 20031010 00:00:00 |a vberengu | ||
| 260 | |a Pamplona |b Verbo Divino |c 1966 | ||
| 650 | 0 | |a Antiguo testamento |9 313678 | |
| 650 | 0 | |a Crítica e interpretación |9 255042 | |
| 650 | 0 | |a Libros históricos |9 479158 | |
| 650 | 0 | |a Libros proféticos |9 400141 | |
| 650 | 0 | |a Libros sapienciales |9 399808 | |
| 650 | 0 | |a Biblia |9 257603 | |
| 650 | 0 | |a Textos sagrados |9 257605 | |
| 583 | |a last modification |c 20130402 08:10:21 |k Rodrigo Vera | ||
| 490 | 0 | |a Colección Annuntia, 8 | |
| 999 | |c 305505 |d 305503 | ||
| 952 | |0 0 |1 2 |4 0 |6 221_600000000000000_NEU_1966 |7 0 |8 A |9 369449 |a BIBTEO |b BIBTEO |d 2019-11-21 |i 2080621 |o 221.6 NEU 1966 |p 2080621 |r 2019-11-21 |w 2019-11-21 |x Descarte 2019 |y BK |k ICR | ||